| 000 | 00948nam a22003017a 4500 | ||
|---|---|---|---|
| 001 | BR7312115 | ||
| 003 | BR-BrBNA | ||
| 005 | 20230928084244.0 | ||
| 007 | ta | ||
| 008 | 230509b bl.||||| |||| 00| 0 por d | ||
| 040 |
_aBR-BrBNA _bpor _cBiblioteca Nacional de Agricultura |
||
| 041 | _a(Por) | ||
| 072 |
_aE10; E70; Q10 _b1060 _b9140 _b/G514 |
||
| 090 | _ 1060 BR7312115 | ||
| 110 | 1 |
_aPrograma de Investimentos Integrados para o Setor Agropecuario do Rio Grande do Sul, Porto Alegre (Brasil) _97968 |
|
| 245 | 1 |
_aPerfis de agroindustria, suco concentrado de laranja [Economia; Comercio; Tecnologia; Brasil] _bv.1 |
|
| 260 | 3 |
_aPorto Alegre, RS (Brasil): _c1975. |
|
| 300 | _a113 p. | ||
| 500 | _a46 tables; 20 ref. | ||
| 650 | _aLARANJA | ||
| 650 | _aSUCO CONCENTRADO | ||
| 650 | _aMERCADO | ||
| 650 | _aPRECO | ||
| 650 | _aANALISE ECONOMICA | ||
| 650 | _aRIO GRANDE DO SUL | ||
| 909 |
_a202309 _bLucia _c55 _dLucia Elande |
||
| 942 | _cBK | ||
| 999 |
_c17734 _d17734 |
||